La vorágine
Saved in:
| Hovedforfatter: | |
|---|---|
| Format: | Bog |
| Sprog: | spansk |
| Udgivet: |
Bogotá
Panamericana
2000
|
| Udgivelse: | 1a. ed |
| Serier: | Letras Latinoamericanas
|
| Fag: | |
| Tags: |
Tilføj Tag
Ingen Tags, Vær først til at tagge denne postø!
|
MARC
| LEADER | 00000cam a2200000 a 4500 | ||
|---|---|---|---|
| 001 | UCG9537 | ||
| 003 | CL-VaPUC | ||
| 008 | 120323e20000000CK |||||||||||||||||spa|d | ||
| 020 | |a 9789583006708 | ||
| 082 | 0 | 4 | |a Co863 |b RIV |2 21 |
| 100 | 0 | |a Rivera, José Eustasio |e author |9 313852 | |
| 245 | 1 | 3 | |a La vorágine |
| 250 | |a 1a. ed | ||
| 300 | |a 327 p | ||
| 942 | |c BK | ||
| 945 | |d 20120323 00:00:00 |a cmena | ||
| 260 | |a Bogotá |b Panamericana |c 2000 | ||
| 650 | 0 | |a Novelas colombianas |9 266734 | |
| 650 | 0 | |a Literatura colombiana |9 315578 | |
| 583 | |a last modification |c 20120323 11:52:00 |k Rodrigo Vera | ||
| 490 | 0 | |a Letras Latinoamericanas | |
| 999 | |c 347085 |d 347083 | ||